000 00468nam a2200193Ia 4500
005 20240823062719.0
008 240823s9999||||xx |||||||||||||| ||und||
041 _aENGLISH
082 _A001.4222 N5
100 _aDaroga Singh
245 0 _aTheory and Analysis of Sample Survey Designs
250 _a1st
260 _c1995
_b"New Age,New Delhi"
500 _aYES
650 _aSurveying
_bGeneral
700 _a Chaudhary F S
942 _cBK
999 _c236539
_d236539